PANORAMA político de la Europa actual.
Guardado en:
| Formato: | Libro |
|---|---|
| Idioma: | Spanish |
| Publicado: |
Madrid :
Cultura hispánica,
1953.
|
| Series: | Problemas contemporáneos, 1
|
| Materias: | |
| Etiquetas: |
Agregar Etiqueta
Sin Etiquetas, Sea el primero en etiquetar este registro!
|
| LEADER | 00472nam a22001575a 4500 | ||
|---|---|---|---|
| 001 | EUN.um008509 | ||
| 003 | AR-BaUNS | ||
| 005 | 20050623122853.0 | ||
| 008 | 041125s1953####sp############000#0#spa#d | ||
| 245 | 0 | 0 | |a PANORAMA político de la Europa actual. |
| 260 | |a Madrid : |b Cultura hispánica, |c 1953. | ||
| 300 | |a 146 p. | ||
| 490 | 0 | |a Problemas contemporáneos, 1 | |
| 082 | 0 | 4 | |a 320.940 |
| 653 | |a Panorama politico europa | ||
| 859 | |a Ar-BaUNS |b BIB. CENTRAL - Sector A |h 320.940 |i P194 |p 83983/980 | ||
